000 00845nam a2200301Ia 4500
001 G5287
003 IT-RoPAU
008 130308s9999 xx 000 0 und d
040 _aIT-RoPAU
040 _cIT-RoPAU
041 _aITALIANO
100 _aGoetz Ernest T.
100 _gCodice Aut. SPICS: 55041
245 _aImmagini e risposte emotive nella lettura: la componente immaginativa dell'esperienza del testo
245 _bEsperienza del testo (L')
250 _a1a ed.
260 _aROMA
260 _bMeltemi
260 _c1999 [1° Ed.:1999 - Ed.Ling.Originale:0]
300 _a"11 p. (prefazione: no ; testo: 11 [pagine: 144-154])"
650 _aLINGUISTICA
650 _eCodice materia Spics: 3201
700 _aSadoski Mark
700 _gCodice Aut. SPICS: 55042
942 _cBK
957 _71
999 _c77776
_d77776
999 _g1